zpět

Detail výsledku týmu

The Pub Praha 2 ST, Praha

Datum a čas kvízu

29 Celkem bodů Celkový počet nahraných bodů na tomto kvízu bez doplňovacích otázek.
10. Pořadí na kvízu Konečné umístění týmu na tomto kvízu.

Zaznamenané odpovědi

# Otázka Odpověď Body Výsledky
1. Minulý týden navštívil naši re... Uctění památky československých parašutistů. 1
2. Na sociálních sítích v těchto... Přejít pyramidu z přepravek. 1
3. Třicetiletý Spencer Elden se h... Nirvana, Nevermind 0.5
4. Jeden maloobchodní řetězec půs... Lidl 1
5. Fotbalisté Slovanu Liberec sen... FK Zbuzany 0
6. Toto téma nelze začít jinak, n... Alexander Hemala 0
7. Neměli bychom opomenout ani ku... Bořek stavitel 1
8. Hlavní postavu kutila Tima ze... Tim Allen 0
9. Americký televizní kutilský po... Vanilla Ice 1
10. Do kategorie kutilů můžeme poč... z kuřecích kůžiček 1